000 00290nam a22001337a 4500
008 170524b xxu||||| |||| 00| 0 eng d
020 _a9780964696921
041 _aeng
080 _a62
100 _a26
101 _aIM
245 _aSTUDYING ENGINEERING
_cLANDIS, R.B
942 _2udc
_cBK
999 _c13966
_d13966